000 01116nam a2200277 a 4500
005 20070430101053.0
008 061121s2007 ii a b 001 0 eng
010 _aENG-92637
020 _a8186921400
_c280.00
035 _aEN-76170
037 _bDBAD / PUB
040 _adpl
_bEnglish
082 _a331.310954
100 _aBhattacharya, M.S.
245 _aA saga of agony and shame :
_bchild labour and child abuse in India and the SAARC countries /
_cby M.S. Bhattacharya.
260 _aNew Delhi
_bDecent Books
_bDistributed by D.K. Printworld,
_c2007
270 _aD-36 / A-1, Mohan Garden, Najafgarh Road,
_bNew Delhi
_e110059
300 _aviii, 115 p. :
_bcol. ill.
_c23 cm (Hb)
500 _aIncludes index.
650 _aChild labor
_zIndia.
650 _aChild abuse
_zIndia.
650 _aChild labor
_zSouth Asia.
650 _aChild abuse
_zSouth Asia.
942 _2ddc
_cEN
_mBHA
_h331.310954
999 _c22498
_d22498